1902 1623 1495 1950 1607 1188 1030 1348 1590 1210 1479 1137 1832 1129 1225 1242 1992 1224 1181 1876 1843 1668 1264 1953 1122 1557 1448 1885 1924 1527 1952 1276 1635 1428 1675 1604 1367 1390 1288 1485 1505 1011 1736 1233 1910 1807 1529 1804 1584 1979 1535 1776 1854 1534 1508 1552 1060 1966 1460 1454 1959 1230 1345 1651 1264 1187 1211 1702 1127 1208 1254 1648 1324 1110 1813 1152 1826 1258 1416 1099 1539 1480 1249 1816 1418 1012 1785 1987 1275 1892 1662 1859 1427 1658 1027 1524 1043 1316 1186 BCNSPRNW ULIB Ver.6.0+V

เปลี่ยนเป็นภาษาไทย

Change to English
 แสดงรายละเอียดบรรณานุกรม
  กลับหน้าหลัก

Brief Record : Get Marc (ISO 2709) : E-mail record : QR code < ปิดหน้าต่าง
LEADER : 00000nam 2200000uu 4500
001    13399120116
003     ULIB
008    120904s2553||||th 000 0 tha d
020    ^a9789742911515(ล.1)
024    ^a9742911517
060 04 ^aWY150^bค127ก ล.1
245 00 ^aการพยาบาลผู้ใหญ่และผู้สูงอายุ เล่ม 1 /^cคณาจารย์เรียบเรียง : แสงจันทร์ ทองมาก ... [ และคนอื่นๆ]
250    ^aพิมพ์ครั้งที่ 12 (ปรับปรุงครั้งที่ 1)
260    ^aนนทบุรี :^bโครงการสวัสดิการวิชาการ สถาบันพระบรมราชชนกกระทรวงสาธารณสุข,^c2553
300    ^a714 หน้า :^bภาพประกอบ ;^c26 ซม.
650  7 ^aการพยาบาล^xในวัยชรา
650  7 ^aการพยาบาล^xในวัยผู้ใหญ่
650  7 ^aการพยาบาลผู้สูงอายุ
650  7 ^aผู้สูงอายุ^xการดูแล
700 0  ^aแสงจันทร์ ทองมาก
710 2  ^aสถาบันพระบรมราชชนก. ^bโครงการสวัสดิการวิชาการ
945    ^p0^l0^i19386
945    ^p0^l0^i19387
945    ^p0^l0^i19388
945    ^p0^l0^i19389
945    ^p0^l0^i19390
995    ^aกัณชพร
999 ^a ใช้งานได้ทุกระบบ
รายการนี้ยังไม่มีแท็ก
คุณยังไม่ได้ล็อกอิน คุณสามารถมีกิจกรรมร่วมกับเว็บไซต์ได้ แต่ต้องล็อกอินก่อน ::
  ล็อกอิน

รายการสื่อสารสนเทศ

ลำดับที่ ประเภท เลขเรียก/บาร์โค้ด สถานที่ สถานะ
1. วิทยาศาสตร์การแพทย์ และสุขภาพ
วิทยาศาสตร์การแพทย์ และสุขภาพ
WY150 ค127ก ล.1 ฉ.2 
  Barcode: 19387
ห้องสมุดวิทยาเขตนครสวรรค์
►ส่วนจัดเก็บหนังสือเก่า นว.
บนชั้น
  ขอยืม
2. วิทยาศาสตร์การแพทย์ และสุขภาพ
วิทยาศาสตร์การแพทย์ และสุขภาพ
WY150 ค127ก ล.1 ฉ.3 
  Barcode: 19388
ห้องสมุดวิทยาเขตนครสวรรค์
►ส่วนจัดเก็บหนังสือเก่า นว.
บนชั้น
  ขอยืม
3. วิทยาศาสตร์การแพทย์ และสุขภาพ
วิทยาศาสตร์การแพทย์ และสุขภาพ
WY150 ค127ก ล.1 ฉ.4 
  Barcode: 19389
ห้องสมุดวิทยาเขตนครสวรรค์
►ส่วนจัดเก็บหนังสือเก่า นว.
บนชั้น
  ขอยืม
4. วิทยาศาสตร์การแพทย์ และสุขภาพ
วิทยาศาสตร์การแพทย์ และสุขภาพ
WY150 ค127ก ล.1 ฉ.5 
  Barcode: 19390
ห้องสมุดวิทยาเขตนครสวรรค์
►ส่วนจัดเก็บหนังสือเก่า นว.
บนชั้น
  ขอยืม

รายการใกล้เคียง
    หัวเรื่อง [การพยาบาลผู้สูงอายุ]
    หัวเรื่อง [ผู้สูงอายุ การดูแล]

BibComment


ยังไม่เคยถูกคอมเมนท์

คอมเมนท์ทรัพยากรรายการนี้
  คอมเมนท์: การพยาบาลผู้ใหญ่..


 Copyright 2026. Bcnsprnw @Library